000 00871nam a2200193 a 4500
001 51898
005 20180714041532.0
008 140415s2003 sp 000 0 spa d
020 _a8479785896
041 _aspa
082 _a658.4092
_bPUC
100 1 _aPuchol, Luis,.
245 1 3 _aEL LIBRO DE LAS HABILIDADES DIRECTIVAS
250 _a1a ed.
260 _aESPAÑA :
_bDIAZ DE SANTOS,
_c2003
300 _a306
_c16.9 x 3.3 x 24
520 _aNACE ESTE LIBRO DEL PROPOSITO DE UN GRUPO DE DPCOENTES UNIVERSITARIOS, QUE TAMBIEN PRACTICAN LA CONSULTORIA EMPRESARIAL DE EMPRESAS, DE OFRECER A QUIENES EJERCEN, O SE PREPARAN PARA EJERCER LA GESTION, UNOS CONOCIMIENTOS, UNAS TECNICAS Y UNAS ACTITUDES QUE LES AYUDEN A INCREMENTAR SU EFICACIA Y SU EFICIENCIA COMO GESTORES EN EMPRESAS PUBLICAS Y PRIVADAS.
650 1 4 _aDIRECCION
_xHABILIDADES
_xLIDERAZGO
999 _c51898
_d51898